| 000 | 02283nam0a2200349 4500 | ||
|---|---|---|---|
| 001 | RU\NLR\BIBL_A\022345640 | ||
| 005 | 20260420015508.0 | ||
| 010 |
_a978-5-88437-983-1 _985 |
||
| 021 |
_aRU _bКН-П-24-049307 _9КН-П-24-4900 |
||
| 035 | _a(NLR Aleph) 022345640 | ||
| 090 |
_a13666693 _c13666693 |
||
| 100 | _a20241008d2023 u y0rusy50 ca | ||
| 101 | 0 | _arus | |
| 102 | _aRU | ||
| 105 | _aa j 000yy | ||
| 181 | 0 |
_ai _baxxe |
|
| 182 | 0 | _an | |
| 200 | 1 |
_aБухгалтерский учет _eучебное пособие _eдля обучающихся по специальности 38.05.01 Экономическая безопасность _fН. М. Журавлева, А. В. Титова, М. В. Севрюкова _gФедеральное государственное казенное образовательное учреждение высшего образования "Уральский юридический институт Министерства внутренних дел Российской Федерации", Кафедра социально-экономических дисциплин |
|
| 203 |
_aТекст _bвизуальный _cнепосредственный |
||
| 210 |
_aЕкатеринбург _cУральский юридический институт МВД России _d2023 |
||
| 215 |
_a166 с. _cил., табл. _d20 |
||
| 300 | _aНа обороте тит. с. 1-й авт.: Н. М. Журавлева, канд. юрид. наук | ||
| 320 | _aБиблиогр.: с. 136–140 (61 назв.) | ||
| 606 | 1 |
_aБухгалтерский учет _jУчебные издания для высших учебных заведений _yРоссийская Федерация _92073607 _3RU\NLR\AUTH\661248526 |
|
| 686 | 1 | _aУ052.9(2)2(2Р)я73 | |
| 700 | 1 |
_7ca _8rus _aЖуравлева _bН. М. _cканд. юрид. наук _gНаталья Михайловна _9234864 _3RU\NLR\AUTH\770234920 |
|
| 701 | 1 |
_aТитова _bА. В. _cканд. экон. наук _gАнна Викторовна _3RU\NLR\AUTH\770274512 |
|
| 701 | 1 |
_aСеврюкова _bМ. В. _gМария Викторовна |
|
| 942 | _cBOOK | ||
| 980 | _aNB | ||